000 00324nam a22001337a 4500
008 171004b xxu||||| |||| 00| 0 eng d
020 _a9780070284401
041 _aeng
080 _23RD
_a159.9
100 _a48
101 _aPSI
245 _aCHILD PSYCHOLOGY A CONTEMPORARY VIEWPOINT
_cHETHERINGTON,E.M
942 _2udc
_cBK
999 _c31665
_d31665